Principles of Vibration Analysis with Applications in Automotive Engineering (Record no. 246025)

MARC details
000 -LEADER
fixed length control field 00542nam a2200205Ia 4500
008 - FIXED-LENGTH DATA ELEMENTS--GENERAL INFORMATION
fixed length control field 240913s9999||||xx |||||||||||||| ||und||
020 ## - INTERNATIONAL STANDARD BOOK NUMBER
International Standard Book Number 978-0-7680-3339-7
082 ## - DEWEY DECIMAL CLASSIFICATION NUMBER
-- 534 Q0
100 ## - MAIN ENTRY--PERSONAL NAME
Personal name Liu C Q
245 #0 - TITLE STATEMENT
Title Principles of Vibration Analysis with Applications in Automotive Engineering
250 ## - EDITION STATEMENT
Edition statement 1st
260 ## - PUBLICATION, DISTRIBUTION, ETC. (IMPRINT)
Date of publication, distribution, etc 2011
Name of publisher, distributor, etc SAE Internat
500 ## - GENERAL NOTE
General note REFERENCE
650 ## - SUBJECT ADDED ENTRY--TOPICAL TERM
Topical term or geographic name as entry element Vibrations
700 ## - ADDED ENTRY--PERSONAL NAME
Personal name Ronald L Huston
942 ## - ADDED ENTRY ELEMENTS (KOHA)
Item type Reference
Holdings
Withdrawn status Lost status Damaged status Permanent location Current location Shelving location Date acquired Source of acquisition Cost, normal purchase price Full call number Barcode Date last seen Koha item type
      CENTRAL LIBRARY, NOORUL ISLAM CENTRE FOR HIGHER EDUCATION CENTRAL LIBRARY, NOORUL ISLAM CENTRE FOR HIGHER EDUCATION   09/22/2011 CS Subramanian 4728.00 534 Q0 40602 09/13/2024 Reference
Visitors:
Copyright © 2024 Central Library NICHE.  All rights reserved.